[Event "8th RTU Open 2018"]
[Site "Riga"]
[Date "2018.08.06"]
[Round "1"]
[White "Player, Edmund C"]
[Black "Kulaots, Kaido"]
[Result "1/2-1/2"]
[WhiteElo "2194"]
[BlackElo "2554"]
[Annotator "ChessBase"]
[PlyCount "128"]
[EventDate "2018.08.06"]
[EventType "swiss"]
[EventCountry "LAT"]
[SourceTitle "playchess.com"]
[Source "ChessBase"]
[SourceQuality "1"]
[TimeControl "5400+30"]

1. e4 {[%emt 0:00:00]} c5 {[%emt 0:00:13]} 2. Nf3 {[%emt 0:00:00]} e6 {[%emt 0:00:40]} 3. c3 {[%emt 0:00:00]} d5 {[%emt 0:00:59]} 4. exd5 {[%emt 0:00:33]} Qxd5 {[%emt 0:00:06]} 5. d4 {[%emt 0:00:56]} Nf6 {[%emt 0:00:11]} 6. Na3 {[%emt 0:03:12]} Nc6 {[%emt 0:01:56]} 7. Be2 {[%emt 0:07:44]} Qd8 {[%emt 0:14:14]} 8. Nc2 {[%emt 0:06:56]} Bd6 {[%emt 0:04:01]} 9. dxc5 {[%emt 0:04:22]} Bxc5 {[%emt 0:00:16]} 10. Qxd8+ {[%emt 0:00:33]} Kxd8 {[%emt 0:00:55]} 11. Be3 {[%emt 0:07:43]} Bxe3 {[%emt 0:00:26]} 12. Nxe3 {[%emt 0:00:13]} Ke7 {[%emt 0:00:23]} 13. Rd1 {[%emt 0:03:32]} Bd7 {[%emt 0:01:29]} 14. O-O {[%emt 0:04:35]} Rhc8 {[%emt 0:07:25]} 15. Rfe1 {[%emt 0:05:43]} Rc7 {[%emt 0:09:56]} 16. Nd2 {[%emt 0:19:31]} g5 {[%emt 0:15:00]} 17. Nf3 {[%emt 0:11:47]} h6 {[%emt 0:03:09]} 18. Nd4 {[%emt 0:06:13]} Nxd4 {[%emt 0:00:45]} 19. Rxd4 {[%emt 0:00:09]} Rc5 {[%emt 0:07:17]} 20. Bf3 {[%emt 0:04:00]} Rb8 {[%emt 0:01:21]} 21. c4 {[%emt 0:06:26]} a5 {[%emt 0:00:48]} 22. a3 {[%emt 0:01:36]} a4 {[%emt 0:01:17]} 23. Nd5+ {[%emt 0:02:32]} Nxd5 {[%emt 0:00:07]} 24. cxd5 {[%emt 0:00:40]} b5 {[%emt 0:04:17]} 25. dxe6 {[%emt 0:02:21]} Bxe6 {[%emt 0:00:05]} 26. h3 {[%emt 0:00:48]} Rc2 {[%emt 0:04:37]} 27. Re2 {[%emt 0:00:14]} Rc1+ {[%emt 0:00:53]} 28. Kh2 {[%emt 0:00:03]} Rd8 {[%emt 0:00:19]} 29. Rxd8 {[%emt 0:00:25]} Kxd8 {[%emt 0:00:03]} 30. Re5 {[%emt 0:00:56]} Bc4 {[%emt 0:05:27]} 31. Bc6 {[%emt 0:00:28]} Kc7 {[%emt 0:09:41]} 32. Bxb5 {[%emt 0:00:52]} Kd6 {[%emt 0:01:25]} 33. Rf5 {[%emt 0:00:17]} Bb3 {[%emt 0:00:04]} 34. Rf6+ {[%emt 0:00:25]} Ke5 {[%emt 0:02:02]} 35. Ra6 {[%emt 0:00:25]} Rc2 {[%emt 0:02:16]} 36. Bxa4 {[%emt 0:00:17]} Bxa4 {[%emt 0:00:03]} 37. Rxa4 {[%emt 0:00:04]} Rxb2 {[%emt 0:00:03]} 38. f3 {[%emt 0:01:49]} Ra2 {[%emt 0:00:58]} 39. h4 {[%emt 0:00:25]} gxh4 {[%emt 0:00:26]} 40. Rxh4 {[%emt 0:00:22]} Rxa3 {[%emt 0:00:06]} 41. Rxh6 {[%emt 0:00:04]} f5 {[%emt 0:00:14]} 42. Kg3 {[%emt 0:00:36]} f4+ {[%emt 0:03:22]} 43. Kg4 {[%emt 0:00:22]} Ra2 {[%emt 0:00:10]} 44. g3 {[%emt 0:01:05]} fxg3 {[%emt 0:00:32]} 45. f4+ {[%emt 0:00:31]} Ke4 {[%emt 0:00:32]} 46. Re6+ {[%emt 0:00:18]} Kd5 {[%emt 0:00:10]} 47. Re5+ {[%emt 0:00:03]} Kd6 {[%emt 0:00:02]} 48. Kxg3 {[%emt 0:00:10]} Ra8 {[%emt 0:00:12]} 49. Kg4 {[%emt 0:00:21]} Rg8+ {[%emt 0:00:38]} 50. Rg5 {[%emt 0:00:39]} Ra8 {[%emt 0:00:40]} 51. Re5 {[%emt 0:00:21]} Rg8+ {[%emt 0:00:03]} 52. Rg5 {[%emt 0:00:43]} Ra8 {[%emt 0:00:05]} 53. Rg7 {[%emt 0:00:45]} Ke6 {[%emt 0:01:57]} 54. Kg5 {[%emt 0:00:53]} Rf8 {[%emt 0:00:41]} 55. Rg6+ {[%emt 0:00:22]} Ke7 {[%emt 0:00:27]} 56. Rg7+ {[%emt 0:00:39]} Ke6 {[%emt 0:00:05]} 57. Rg6+ {[%emt 0:00:07]} Ke7 {[%emt 0:00:04]} 58. f5 {[%emt 0:00:19]} Ra8 {[%emt 0:00:45]} 59. Rb6 {[%emt 0:01:10]} Rg8+ {[%emt 0:00:15]} 60. Rg6 {[%emt 0:00:06]} Ra8 {[%emt 0:00:08]} 61. Rg7+ {[%emt 0:00:15]} Kf8 {[%emt 0:00:16]} 62. Rh7 {[%emt 0:00:51]} Kg8 {[%emt 0:00:12]} 63. Rb7 {[%emt 0:00:12]} Ra6 {[%emt 0:00:11]} 64. Rc7 {[%emt 0:00:15]} Rb6 {[%emt 0:00:03]} 1/2-1/2

[Event "8th RTU Open 2018"]
[Site "Riga"]
[Date "2018.08.06"]
[Round "1"]
[White "Krustkalns, Kristaps"]
[Black "Kollars, Dmitrij"]
[Result "0-1"]
[WhiteElo "2189"]
[BlackElo "2549"]
[Annotator "ChessBase"]
[PlyCount "52"]
[EventDate "2018.08.06"]
[EventType "swiss"]
[EventCountry "LAT"]
[SourceTitle "playchess.com"]
[Source "ChessBase"]
[SourceQuality "1"]
[TimeControl "5400+30"]

1. e4 {[%emt 0:00:00]} e5 {[%emt 0:00:00]} 2. Nf3 {[%emt 0:00:00]} Nc6 {[%emt 0:00:00]} 3. Bb5 {[%emt 0:00:09]} a6 {[%emt 0:00:45]} 4. Ba4 {[%emt 0:00:14]} Nf6 {[%emt 0:00:42]} 5. d3 {[%emt 0:01:06]} d6 {[%emt 0:00:39]} 6. c3 {[%emt 0:01:02]} g6 {[%emt 0:00:16]} 7. O-O {[%emt 0:02:07]} Bg7 {[%emt 0:00:06]} 8. Re1 {[%emt 0:00:53]} O-O {[%emt 0:00:33]} 9. Nbd2 {[%emt 0:01:16]} Re8 {[%emt 0:01:38]} 10. Nf1 {[%emt 0:02:00]} b5 {[%emt 0:02:34]} 11. Bb3 {[%emt 0:04:48]} Na5 {[%emt 0:03:28]} 12. Bc2 {[%emt 0:00:45]} c5 {[%emt 0:00:15]} 13. a4 {[%emt 0:01:20]} Bb7 {[%emt 0:02:35]} 14. Bg5 {[%emt 0:06:32]} h6 {[%emt 0:11:47]} 15. Bh4 {[%emt 0:01:17]} d5 {[%emt 0:05:12]} 16. d4 {[%emt 0:17:02]} g5 {[%emt 0:04:59]} 17. Bg3 {[%emt 0:02:13]} exd4 {[%emt 0:02:03]} 18. e5 {[%emt 0:05:06]} Ne4 {[%emt 0:02:05]} 19. cxd4 {[%emt 0:01:07]} cxd4 {[%emt 0:06:47]} 20. axb5 {[%emt 0:02:56]} axb5 {[%emt 0:01:24]} 21. Nxd4 {[%emt 0:13:22]} Bxe5 {[%emt 0:07:58]} 22. Bxe5 {[%emt 0:04:05]} Rxe5 {[%emt 0:00:04]} 23. f3 {[%emt 0:18:33]} Qb6 {[%emt 0:00:22]} 24. fxe4 {[%emt 0:01:12]} Nc6 {[%emt 0:00:42]} 25. Rxa8+ {[%emt 0:03:08]} Bxa8 {[%emt 0:00:09]} 26. exd5 {[%emt 0:01:52]} Nxd4 {[%emt 0:00:54]} 0-1

[Event "8th RTU Open 2018"]
[Site "Riga"]
[Date "2018.08.06"]
[Round "1"]
[White "Zhuravlev, Stepan"]
[Black "Praggnanandhaa, R."]
[Result "0-1"]
[WhiteElo "2188"]
[BlackElo "2532"]
[Annotator "ChessBase"]
[PlyCount "120"]
[EventDate "2018.08.06"]
[EventType "swiss"]
[EventCountry "LAT"]
[SourceTitle "playchess.com"]
[Source "ChessBase"]
[SourceQuality "1"]
[TimeControl "5400+30"]

1. d4 {[%emt 0:00:00]} d5 {[%emt 0:00:30]} 2. c4 {[%emt 0:00:00]} Nc6 {[%emt 0:00:06]} 3. cxd5 {[%emt 0:04:56]} Qxd5 {[%emt 0:00:04]} 4. Nf3 {[%emt 0:00:40]} e5 {[%emt 0:02:11]} 5. Nc3 {[%emt 0:08:29]} Bb4 {[%emt 0:00:50]} 6. dxe5 {[%emt 0:06:05]} Qxd1+ {[%emt 0:01:25]} 7. Kxd1 {[%emt 0:00:01]} Bg4 {[%emt 0:04:48]} 8. Kc2 {[%emt 0:11:23]} O-O-O {[%emt 0:13:43]} 9. Bg5 {[%emt 0:18:31]} Re8 {[%emt 0:14:04]} 10. Rd1 {[%emt 0:16:59]} h6 {[%emt 0:05:25]} 11. Bh4 {[%emt 0:04:33]} Nge7 {[%emt 0:05:16]} 12. e3 {[%emt 0:06:09]} Nf5 {[%emt 0:08:27]} 13. Bg3 {[%emt 0:01:04]} Nxg3 {[%emt 0:01:58]} 14. hxg3 {[%emt 0:00:13]} Nxe5 {[%emt 0:00:19]} 15. Be2 {[%emt 0:00:39]} Bf5+ {[%emt 0:13:55]} 16. Kb3 {[%emt 0:03:11]} Bxc3 {[%emt 0:07:10]} 17. Kxc3 {[%emt 0:02:31]} Ng4 {[%emt 0:03:02]} 18. Rhf1 {[%emt 0:04:17]} Nf6 19. Nd4 Bg6 {[%emt 0:03:02]} 20. Bf3 {[%emt 0:00:59]} Re5 {[%emt 0:01:50]} 21. b3 {[%emt 0:00:46]} Rd8 {[%emt 0:02:09]} 22. Kb2 {[%emt 0:01:14]} Rd6 {[%emt 0:02:19]} 23. Ne2 {[%emt 0:02:00]} Rxd1 {[%emt 0:05:44]} 24. Rxd1 {[%emt 0:00:07]} Bh5 {[%emt 0:01:11]} 25. Nf4 {[%emt 0:03:34]} Bg4 {[%emt 0:01:54]} 26. Rd2 {[%emt 0:01:24]} c6 {[%emt 0:00:51]} 27. Rd4 {[%emt 0:00:45]} Bf5 {[%emt 0:00:32]} 28. Ne2 {[%emt 0:00:31]} Kc7 {[%emt 0:00:27]} 29. Nc3 {[%emt 0:00:32]} h5 {[%emt 0:00:45]} 30. Ra4 {[%emt 0:01:40]} a6 {[%emt 0:00:21]} 31. Rd4 {[%emt 0:00:10]} Be6 {[%emt 0:00:33]} 32. Rd1 {[%emt 0:01:04]} g5 {[%emt 0:00:33]} 33. Rd4 {[%emt 0:00:59]} Rf5 {[%emt 0:00:30]} 34. Rd2 {[%emt 0:00:51]} Re5 {[%emt 0:00:31]} 35. Rd4 {[%emt 0:00:10]} c5 {[%emt 0:00:25]} 36. Rd2 {[%emt 0:00:29]} b5 {[%emt 0:00:13]} 37. a3 {[%emt 0:01:02]} Bd7 {[%emt 0:00:51]} 38. Nd5+ {[%emt 0:00:30]} Nxd5 {[%emt 0:00:03]} 39. Rxd5 {[%emt 0:00:13]} Rxd5 {[%emt 0:00:03]} 40. Bxd5 {[%emt 0:00:01]} f6 {[%emt 0:01:01]} 41. Bf3 {[%emt 0:00:16]} h4 {[%emt 0:00:35]} 42. gxh4 {[%emt 0:00:05]} gxh4 {[%emt 0:00:06]} 43. Kc3 {[%emt 0:00:47]} Kd6 {[%emt 0:00:45]} 44. Ba8 {[%emt 0:01:36]} a5 {[%emt 0:00:55]} 45. Be4 {[%emt 0:00:24]} f5 {[%emt 0:00:34]} 46. Bb7 {[%emt 0:00:36]} Be6 {[%emt 0:00:30]} 47. Ba8 {[%emt 0:00:32]} b4+ {[%emt 0:00:30]} 48. axb4 {[%emt 0:00:04]} axb4+ {[%emt 0:00:22]} 49. Kc2 {[%emt 0:00:16]} c4 {[%emt 0:00:34]} 50. bxc4 {[%emt 0:00:26]} Bxc4 {[%emt 0:00:07]} 51. Bb7 {[%emt 0:00:51]} Bd5 {[%emt 0:00:45]} 52. Bxd5 {[%emt 0:00:51]} Kxd5 {[%emt 0:00:02]} 53. Kb3 {[%emt 0:00:33]} Kc5 {[%emt 0:00:58]} 54. f3 {[%emt 0:00:29]} Kb5 {[%emt 0:00:14]} 55. e4 {[%emt 0:00:31]} fxe4 {[%emt 0:00:09]} 56. fxe4 {[%emt 0:00:01]} Kc5 {[%emt 0:00:10]} 57. e5 {[%emt 0:00:08]} Kd5 {[%emt 0:00:08]} 58. Kxb4 {[%emt 0:00:21]} Kxe5 {[%emt 0:00:05]} 59. Kc3 {[%emt 0:00:12]} Kf4 {[%emt 0:00:05]} 60. Kd2 {[%emt 0:00:06]} Kg3 {[%emt 0:00:02]} 0-1

[Event "8th RTU Open 2018"]
[Site "Riga"]
[Date "2018.08.06"]
[Round "1"]
[White "Emdin, Mark"]
[Black "Maiorov, Nikita"]
[Result "1/2-1/2"]
[WhiteElo "2175"]
[BlackElo "2504"]
[Annotator "ChessBase"]
[PlyCount "94"]
[EventDate "2018.08.06"]
[EventType "swiss"]
[EventCountry "LAT"]
[SourceTitle "playchess.com"]
[Source "ChessBase"]
[SourceQuality "1"]
[TimeControl "5400+30"]

1. e4 e5 {[%emt 0:00:00]} 2. Nf3 {[%emt 0:00:00]} Nc6 {[%emt 0:00:00]} 3. Bc4 {[%emt 0:00:03]} Bc5 {[%emt 0:00:00]} 4. c3 {[%emt 0:00:38]} Nf6 {[%emt 0:00:00]} 5. d3 {[%emt 0:00:09]} d6 {[%emt 0:00:16]} 6. O-O {[%emt 0:00:25]} O-O {[%emt 0:00:36]} 7. Nbd2 {[%emt 0:01:54]} Ne7 {[%emt 0:00:43]} 8. Re1 {[%emt 0:04:31]} Ng6 {[%emt 0:00:19]} 9. Nf1 {[%emt 0:00:16]} c6 {[%emt 0:01:15]} 10. Ng3 {[%emt 0:03:45]} b5 {[%emt 0:00:57]} 11. Bb3 {[%emt 0:00:08]} Bb6 {[%emt 0:00:07]} 12. a4 {[%emt 0:02:25]} Bd7 {[%emt 0:00:16]} 13. axb5 {[%emt 0:03:33]} cxb5 {[%emt 0:00:04]} 14. h3 {[%emt 0:07:00]} Bc6 {[%emt 0:01:47]} 15. d4 {[%emt 0:04:19]} Re8 {[%emt 0:01:54]} 16. dxe5 {[%emt 0:15:43]} dxe5 {[%emt 0:00:31]} 17. Bg5 {[%emt 0:00:58]} h6 {[%emt 0:04:59]} 18. Qxd8 {[%emt 0:03:32]} Bxd8 {[%emt 0:00:07]} 19. Bxf6 {[%emt 0:00:06]} Bxf6 {[%emt 0:00:06]} 20. Nf5 {[%emt 0:03:53]} Bd8 {[%emt 0:14:14]} 21. Rad1 {[%emt 0:09:18]} Bc7 {[%emt 0:05:22]} 22. Bd5 {[%emt 0:06:18]} Bxd5 {[%emt 0:00:26]} 23. Rxd5 {[%emt 0:00:47]} a6 {[%emt 0:06:40]} 24. Rd7 {[%emt 0:01:11]} Bb6 {[%emt 0:01:33]} 25. h4 {[%emt 0:03:59]} Nf8 {[%emt 0:13:13]} 26. Rb7 {[%emt 0:02:16]} Bc5 {[%emt 0:01:17]} 27. b4 {[%emt 0:01:55]} Ra7 {[%emt 0:00:56]} 28. Rxa7 {[%emt 0:05:51]} Bxa7 {[%emt 0:00:04]} 29. Rd1 {[%emt 0:01:06]} Bb8 {[%emt 0:00:15]} 30. Ra1 {[%emt 0:06:57]} Re6 {[%emt 0:00:19]} 31. Nd2 {[%emt 0:00:52]} Kh7 {[%emt 0:10:08]} 32. c4 {[%emt 0:02:12]} bxc4 {[%emt 0:01:27]} 33. Nxc4 {[%emt 0:00:23]} Rc6 {[%emt 0:00:13]} 34. Na5 {[%emt 0:01:54]} Rc2 {[%emt 0:00:57]} 35. Nb7 {[%emt 0:02:35]} Rc4 {[%emt 0:07:39]} 36. Rxa6 {[%emt 0:02:24]} Rxe4 {[%emt 0:08:05]} 37. Ra8 {[%emt 0:02:31]} Rxb4 {[%emt 0:03:15]} 38. Rxb8 {[%emt 0:00:05]} Nd7 {[%emt 0:00:12]} 39. Rd8 {[%emt 0:00:10]} Rxb7 {[%emt 0:00:03]} 40. Nd6 {[%emt 0:00:09]} Rb1+ {[%emt 0:01:04]} 41. Kh2 {[%emt 0:00:07]} Nf6 {[%emt 0:00:23]} 42. Nxf7 {[%emt 0:01:09]} e4 {[%emt 0:02:02]} 43. Rd2 {[%emt 0:01:56]} Kg6 {[%emt 0:01:53]} 44. Nd6 {[%emt 0:00:43]} Kh5 {[%emt 0:02:38]} 45. Re2 {[%emt 0:01:19]} Kxh4 {[%emt 0:01:53]} 46. g3+ {[%emt 0:00:32]} Kh5 {[%emt 0:02:15]} 47. Nxe4 {[%emt 0:00:13]} Nxe4 {[%emt 0:00:41]} 1/2-1/2

[Event "8th RTU Open 2018"]
[Site "Riga"]
[Date "2018.08.06"]
[Round "1"]
[White "Ivanov, Platon Jaan"]
[Black "Thybo, Jesper Sondergaard"]
[Result "0-1"]
[WhiteElo "2169"]
[BlackElo "2496"]
[Annotator "ChessBase"]
[PlyCount "150"]
[EventDate "2018.08.06"]
[EventType "swiss"]
[EventCountry "LAT"]
[SourceTitle "playchess.com"]
[Source "ChessBase"]
[SourceQuality "1"]
[TimeControl "5400+30"]

1. d4 {[%emt 0:00:00]} Nf6 {[%emt 0:00:00]} 2. c4 {[%emt 0:00:03]} e6 {[%emt 0:00:00]} 3. g3 {[%emt 0:00:29]} c5 {[%emt 0:00:30]} 4. Nf3 {[%emt 0:00:32]} cxd4 {[%emt 0:00:46]} 5. Nxd4 {[%emt 0:00:08]} Qc7 {[%emt 0:00:31]} 6. Nd2 {[%emt 0:04:12]} Nc6 {[%emt 0:08:37]} 7. Nb5 {[%emt 0:07:16]} Qb8 {[%emt 0:01:38]} 8. Bg2 {[%emt 0:05:38]} Be7 {[%emt 0:00:53]} 9. O-O {[%emt 0:02:38]} O-O {[%emt 0:03:26]} 10. Nc3 {[%emt 0:06:21]} a6 {[%emt 0:08:31]} 11. Nde4 {[%emt 0:04:42]} Nxe4 {[%emt 0:04:19]} 12. Nxe4 {[%emt 0:01:41]} d6 {[%emt 0:00:04]} 13. Bf4 {[%emt 0:06:03]} Rd8 {[%emt 0:02:41]} 14. Qd3 {[%emt 0:03:04]} Ne5 {[%emt 0:05:06]} 15. Qc3 {[%emt 0:03:29]} Ng6 {[%emt 0:00:46]} 16. Be3 {[%emt 0:06:23]} b5 {[%emt 0:06:12]} 17. h4 {[%emt 0:05:19]} bxc4 {[%emt 0:04:39]} 18. h5 {[%emt 0:00:18]} Nf8 {[%emt 0:02:16]} 19. h6 {[%emt 0:02:36]} e5 {[%emt 0:00:30]} 20. Bg5 {[%emt 0:09:58]} Bxg5 {[%emt 0:03:11]} 21. Nxg5 {[%emt 0:00:11]} d5 {[%emt 0:00:43]} 22. hxg7 {[%emt 0:02:41]} Ne6 {[%emt 0:01:36]} 23. Nxe6 {[%emt 0:02:51]} Bxe6 {[%emt 0:01:39]} 24. f4 {[%emt 0:02:05]} Qb6+ {[%emt 0:01:41]} 25. Kh1 {[%emt 0:00:33]} exf4 {[%emt 0:05:59]} 26. Rxf4 {[%emt 0:01:44]} Rab8 {[%emt 0:00:32]} 27. b3 {[%emt 0:04:56]} cxb3 {[%emt 0:03:05]} 28. axb3 {[%emt 0:00:08]} Qxb3 {[%emt 0:00:29]} 29. Qxb3 {[%emt 0:00:14]} Rxb3 {[%emt 0:00:04]} 30. Rxa6 {[%emt 0:00:12]} Rxg3 {[%emt 0:00:44]} 31. Rd4 {[%emt 0:01:11]} Rg4 {[%emt 0:06:05]} 32. Raa4 {[%emt 0:01:19]} Rxd4 {[%emt 0:03:09]} 33. Rxd4 {[%emt 0:00:08]} f5 {[%emt 0:00:39]} 34. Kh2 {[%emt 0:02:06]} Kxg7 {[%emt 0:00:08]} 35. Kg3 {[%emt 0:00:43]} Kf6 {[%emt 0:03:05]} 36. Kf4 {[%emt 0:00:33]} Rc8 {[%emt 0:01:34]} 37. Bf3 {[%emt 0:03:17]} Rc4 {[%emt 0:01:39]} 38. e3 {[%emt 0:00:10]} Bf7 {[%emt 0:05:07]} 39. Be2 {[%emt 0:00:40]} Rc2 {[%emt 0:00:57]} 40. Bf3 {[%emt 0:01:33]} Rc4 {[%emt 0:00:21]} 41. Be2 {[%emt 0:00:10]} Rc1 {[%emt 0:00:39]} 42. Ra4 {[%emt 0:01:58]} Rh1 {[%emt 0:03:54]} 43. Ra6+ {[%emt 0:02:19]} Be6 {[%emt 0:00:04]} 44. Bf3 {[%emt 0:00:06]} Rf1 {[%emt 0:00:30]} 45. Rb6 {[%emt 0:00:33]} h5 {[%emt 0:00:27]} 46. Kg3 {[%emt 0:01:01]} Ke5 {[%emt 0:07:10]} 47. Bxh5 {[%emt 0:00:49]} Bd7 {[%emt 0:00:39]} 48. Rb4 {[%emt 0:00:38]} Ra1 {[%emt 0:00:29]} 49. Bf3 {[%emt 0:01:12]} Ba4 {[%emt 0:00:50]} 50. Rd4 {[%emt 0:00:25]} Bb3 {[%emt 0:00:29]} 51. Rd3 {[%emt 0:01:43]} Bc4 {[%emt 0:00:44]} 52. Rd1 {[%emt 0:00:19]} Ra3 {[%emt 0:00:36]} 53. Kf2 {[%emt 0:00:16]} Bd3 {[%emt 0:00:52]} 54. Rd2 {[%emt 0:01:52]} Rb3 {[%emt 0:00:44]} 55. Bd1 {[%emt 0:00:48]} Ra3 {[%emt 0:00:22]} 56. Bf3 {[%emt 0:00:19]} Rc3 {[%emt 0:00:04]} 57. Rb2 {[%emt 0:00:48]} Rc1 {[%emt 0:01:18]} 58. Rd2 {[%emt 0:01:05]} Bc4 {[%emt 0:00:07]} 59. Rd4 {[%emt 0:00:35]} Rc2+ {[%emt 0:00:20]} 60. Kg3 {[%emt 0:00:07]} Rb2 {[%emt 0:00:22]} 61. Rd1 {[%emt 0:00:43]} Rb3 {[%emt 0:01:57]} 62. Kf2 {[%emt 0:00:06]} Bd3 {[%emt 0:00:02]} 63. Rd2 {[%emt 0:00:10]} Ra3 {[%emt 0:00:21]} 64. Rb2 {[%emt 0:00:29]} Ra8 {[%emt 0:00:34]} 65. Rd2 {[%emt 0:00:41]} Be4 {[%emt 0:00:04]} 66. Bxe4 {[%emt 0:01:06]} fxe4 {[%emt 0:00:03]} 67. Ke2 {[%emt 0:00:21]} Rh8 {[%emt 0:00:17]} 68. Rd4 {[%emt 0:00:29]} Rh2+ {[%emt 0:00:33]} 69. Ke1 {[%emt 0:00:21]} Ra2 {[%emt 0:00:21]} 70. Rd1 {[%emt 0:00:55]} Kf5 {[%emt 0:01:08]} 71. Rxd5+ {[%emt 0:00:21]} Kg4 {[%emt 0:00:01]} 72. Rd2 {[%emt 0:00:17]} Rxd2 {[%emt 0:00:13]} 73. Kxd2 {[%emt 0:00:06]} Kf3 {[%emt 0:00:02]} 74. Kd1 {[%emt 0:00:10]} Kxe3 {[%emt 0:00:03]} 75. Ke1 {[%emt 0:00:06]} Kd3 {[%emt 0:00:06]} 0-1

[Event "8th RTU Open 2018"]
[Site "Riga"]
[Date "2018.08.06"]
[Round "1"]
[White "Farmani Anosheh, Yasha"]
[Black "Kaczur, Florian"]
[Result "0-1"]
[WhiteElo "2168"]
[BlackElo "2482"]
[Annotator "ChessBase"]
[PlyCount "82"]
[EventDate "2018.08.06"]
[EventType "swiss"]
[EventCountry "LAT"]
[SourceTitle "playchess.com"]
[Source "ChessBase"]
[SourceQuality "1"]
[TimeControl "5400+30"]

1. d4 {[%emt 0:00:00]} Nf6 {[%emt 0:00:00]} 2. c4 {[%emt 0:00:00]} b6 {[%emt 0:00:11]} 3. Nf3 {[%emt 0:04:44]} Bb7 {[%emt 0:02:37]} 4. Nc3 {[%emt 0:05:15]} Ne4 {[%emt 0:02:55]} 5. Qc2 {[%emt 0:02:55]} Nxc3 {[%emt 0:01:46]} 6. bxc3 {[%emt 0:00:59]} g6 {[%emt 0:04:14]} 7. e4 {[%emt 0:04:10]} Bg7 {[%emt 0:00:14]} 8. h4 {[%emt 0:02:03]} h6 {[%emt 0:01:40]} 9. Bd3 {[%emt 0:13:51]} d6 {[%emt 0:02:08]} 10. e5 {[%emt 0:13:04]} dxe5 {[%emt 0:13:19]} 11. Bxg6 {[%emt 0:12:37]} Qd6 {[%emt 0:16:41]} 12. Be4 {[%emt 0:05:05]} Bxe4 {[%emt 0:10:17]} 13. Qxe4 {[%emt 0:00:28]} Nc6 {[%emt 0:01:35]} 14. Ba3 {[%emt 0:10:44]} Qg6 {[%emt 0:01:27]} 15. Qxg6 {[%emt 0:00:07]} fxg6 {[%emt 0:00:06]} 16. O-O-O {[%emt 0:10:58]} Na5 {[%emt 0:05:48]} 17. Nxe5 {[%emt 0:08:13]} Bxe5 {[%emt 0:00:08]} 18. dxe5 {[%emt 0:00:02]} Nxc4 {[%emt 0:00:08]} 19. Bb2 {[%emt 0:00:50]} O-O {[%emt 0:08:12]} 20. f3 {[%emt 0:01:21]} Rad8 {[%emt 0:02:00]} 21. Rhe1 {[%emt 0:02:13]} b5 {[%emt 0:08:18]} 22. Rd4 {[%emt 0:00:23]} c5 {[%emt 0:00:54]} 23. Rde4 {[%emt 0:00:05]} Rd5 {[%emt 0:00:19]} 24. R4e2 {[%emt 0:01:12]} Rfd8 {[%emt 0:00:15]} 25. Ba1 {[%emt 0:00:19]} a5 {[%emt 0:01:47]} 26. e6 {[%emt 0:00:05]} a4 {[%emt 0:00:08]} 27. g4 {[%emt 0:00:39]} Rd2 {[%emt 0:04:06]} 28. Rxd2 {[%emt 0:01:07]} Rxd2 {[%emt 0:00:08]} 29. Rd1 {[%emt 0:00:29]} Rxa2 {[%emt 0:01:52]} 30. Kb1 {[%emt 0:00:00]} Re2 {[%emt 0:01:49]} 31. Rd5 {[%emt 0:00:01]} Rxe6 {[%emt 0:00:46]} 32. Rxc5 {[%emt 0:00:03]} Re1+ {[%emt 0:00:07]} 33. Ka2 {[%emt 0:00:13]} Re2+ {[%emt 0:00:05]} 34. Kb1 {[%emt 0:00:31]} Na3+ {[%emt 0:00:31]} 35. Kc1 {[%emt 0:00:03]} Rc2+ {[%emt 0:02:16]} 36. Kd1 {[%emt 0:00:15]} Rf2 {[%emt 0:00:29]} 37. c4 {[%emt 0:01:36]} Rf1+ {[%emt 0:00:38]} 38. Ke2 {[%emt 0:00:06]} Rxa1 {[%emt 0:00:17]} 39. cxb5 {[%emt 0:00:03]} Rb1 {[%emt 0:00:07]} 40. Rc8+ {[%emt 0:00:32]} Kf7 {[%emt 0:00:09]} 41. Ra8 {[%emt 0:00:02]} Nxb5 {[%emt 0:00:06]} 0-1

[Event "8th RTU Open 2018"]
[Site "Riga"]
[Date "2018.08.06"]
[Round "1"]
[White "Rasa, Gints"]
[Black "Leenhouts, Koen"]
[Result "0-1"]
[WhiteElo "2161"]
[BlackElo "2475"]
[Annotator "TA"]
[PlyCount "48"]
[EventDate "2018.08.06"]
[EventType "swiss"]
[EventCountry "LAT"]
[SourceTitle "playchess.com"]
[Source "ChessBase"]
[SourceQuality "1"]

{[%evp 18,48,-5,-16,9,-14,0,0,40,37,44,48,60,21,20,18,0,9,4,22,10,8,9,-68,-71,-75,72,-139,-125,-695,-692,-29995,-29996]} 1. e4 {[%cal Be2e4,Be4e5][%mdl 32]} c5 2. Nf3 e6 3. c3 Nf6 {[%cal Bg8f6,Bf6d5,Bd5b4][%mdl 32]} 4. e5 Nd5 5. d4 cxd4 6. cxd4 d6 7. Bd3 dxe5 {B22: Sicilian: 2 c3} 8. dxe5 Nb4 9. Be4 Qxd1+ 10. Kxd1 {LiveBook: 3 Games} N8a6 (10... Nd7 11. Bd2 a5 12. a3 Nc5 13. axb4 Nxe4 14. Be1 b6 15. Nc3 Nxc3+ 16. Bxc3 {½-½ (50) Mamedyarov,S (2747)-Caruana,F (2787) Wijk aan Zee 2016 CBM 171 [Roiz,M]}) 11. Bd2 $146 ({Predecessor:} 11. a3 Nc5 12. Nc3 Nxe4 13. Nxe4 Nd5 14. Nd4 Bd7 15. Bg5 {0-1 (57) Fruebing,T (2187)-Shankland,S (2539) Dresden 2011}) 11... Bd7 12. Bxb7 Rd8 (12... Rb8 $5 {[%cal Rb8b7]} 13. Bxa6 Nxa6 $11) 13. Bxa6 Nxa6 14. Nc3 Bb4 15. a3 Bxc3 $1 16. Bxc3 Nc5 17. Ke2 Bb5+ 18. Ke3 Rd3+ $1 19. Kf4 f6 {[#] ...g5+ is the strong threat.} 20. exf6 (20. h3 $11) 20... gxf6 $15 21. Rhe1 Rg8 (21... Kf7 $17 {stays on course. And now ...Rg8 would win.} 22. Bb4 Na6) 22. g4 $2 (22. Bb4 $16 {keeps the pressure on.} h5 23. h3) 22... Bc6 $17 {[%csl Gc6][%cal Rd3f3][%mdl 1024] Black has strong compensation.} 23. Nd4 $2 {[%mdl 8192] [#]} (23. Re3 $17 e5+ 24. Bxe5 (24. Nxe5 $2 fxe5+ 25. Bxe5 Rxe3 $19) 24... Ne6+ 25. Kg3 Rxe3 26. fxe3 Bxf3 27. Kxf3 fxe5 28. Rd1) 23... e5+ $19 24. Kf5 Kf7 {Precision: White = 25%, Black = 44%.} 0-1